| 000 | 00938nam a2200241 a 4500 | ||
|---|---|---|---|
| 001 | 000218394 | ||
| 003 | AM-YeHGA | ||
| 005 | 20250617124319.0 | ||
| 008 | 030416s2002 ai |||||r|||||000|0|arm|d | ||
| 020 | _a554001832X | ||
| 040 | _aAM-YeHGA | ||
| 041 | 0 | _aeng | |
| 100 | 1 | _aԶուռնաջյան, Սարգիս Ստեփանի | |
| 245 | 1 | 0 |
_aՋավախք : _bԺամանակագրություն, Ակնարկներ Ախալքալաքի ամբողջական պատմության / _cՍ.Ս. Զուռնաջյան ; Խմբ.՝ Հ. Մելքոնյան. |
| 260 |
_aԵրևան : _bՀայաստան _bՊարույր Սևակ, _c2002. |
||
| 300 |
_a622 էջ : _bաղս., լուսանկ. |
||
| 504 | _aՄատենագիտ. էջ՝ 612-619 | ||
| 650 | 1 | 4 |
_aՊատմություն _zՋավախք |
| 651 | 0 | _aՋավախք | |
| 700 | 1 |
_aՄելքոնյան, Հովհաննես Ռուբենի, _d1937- _eխմբ _4edt |
|
| 942 |
_2udc _cBK |
||
| 090 | _c77783 | ||
| 999 |
_c76544 _d76544 |
||